Inkské trestné právo

Základné historické a geografické informácie o štáte Inkov. Forma vlády a spoločenská štruktúra ríše Inkov .Prehľad trestného práva platného v štáte Inkov. Prezentácia charakteristických čŕt a zásad inkského trestného práva i druhy trestov a trestných činov podľa trestného práva Inkov. Charakterist...

Descripción completa

Guardado en:
Detalles Bibliográficos
Autor principal: Puchovský, Ján
Formato: Capítulo de libro
Lenguaje:eslovaco
Materias:
Etiquetas: Agregar Etiqueta
Sin Etiquetas, Sea el primero en etiquetar este registro!

MARC

LEADER 00000naa$a2200000$$$4500
001 0047123
005 20231102091742.1
041 0 |a slo 
044 |a SK 
245 1 0 |a Inkské trestné právo  |c Ján Puchovský 
520 |a Základné historické a geografické informácie o štáte Inkov. Forma vlády a spoločenská štruktúra ríše Inkov .Prehľad trestného práva platného v štáte Inkov. Prezentácia charakteristických čŕt a zásad inkského trestného práva i druhy trestov a trestných činov podľa trestného práva Inkov. Charakteristika inkského trestného procesu a súdnictva. Porovnanie inkského trestného práva s trestným právom vybraných historicvkých štátnych útvarov. 
610 2 0 |a teórie právne 
610 2 0 |a právo trestné 
610 2 0 |a činnosť trestná 
610 2 0 |a súdnictvo 
610 2 0 |a súdy 
610 2 0 |a história 
100 1 |a Puchovský, Ján